000 00506cam a2200181 4500500
005 20260405001031.0
041 _afre
042 _adc
100 1 0 _aMichaud, Yves
_eauthor
245 0 0 _aL’humour
260 _c2010.
500 _a50
690 _aAbsurde
690 _aExistence
690 _aJoie
786 0 _nPhilosophie magazine | 45 | 12 | 2010-12-01 | p. 4-4 | 1951-1787
856 4 1 _uhttps://shs.cairn.info/magazine-philosophie-magazine-2010-12-page-4?lang=fr&redirect-ssocas=7080
999 _c2043381
_d2043381